À la découverte d'Harpocrate à travers son historiographie /

محفوظ في:

المؤلف الرئيسي: Malaise, Michel (مؤلف)

التنسيق: كتاب

اللغة: French

منشور في: Bruxelles : Classe des Lettres, Academie Royale de Belgique, 2011.

سلاسل: Mémoire de la Classe des lettres. Collection in 8o, 3e série ; 57.

الموضوعات:

الوسوم: إضافة وسم

لا توجد وسوم, كن أول من يضع وسما على هذه التسجيلة!

رقم الطلب: BL2450 .H28 M353 2011

LEADER 00798namaa2200229 4500
003 OSt
005 20251006094433.0
008 130303s2011 fr b 001 0 fre d
020 |a 9782803102853 
040 |c ARCE Library 
050 4 |a BL2450 .H28 M353 2011 
100 1 |a Malaise, Michel,   |e author,   |9 35240 
245 1 0 |a À la découverte d'Harpocrate à travers son historiographie /  |c Michel Malaise. 
264 1 |a Bruxelles :  |b Classe des Lettres, Academie Royale de Belgique,  |c 2011. 
300 |a 167 pages ;  |c 25 cm. 
490 0 |a Mémoire de la Classe des lettres. Collection in 8o, 3e série ;   |v 57. 
504 |a Includes bibliographical referenes and index. 
650 0 |a Harpokrates (Egyptian deity)  |9 1900 
650 0 |a Gods, Egyptian. 
901 |a reviewed 
942 |c BK  |2 lcc 
999 |c 2761  |d 2761